000
00229nam a2200097Ia 4500
001
709733
005
20250826162552.0
008
250824s9999 xx 000 0 und d
245
0
_a
GEN
_c
CLAUDİA EBERHARD
260
_b
TUDEM YAYINLARI
999
_c
709733
_d
709733